000 01382nam a2200337 i 4500
003 EG-GICUC
005 20260121101536.0
008 251224s2001 ua ||||fr|||| 000 0 ara d
017 _a20015100
020 _a9773120376
040 _a EG-GICUC
_bara
_c EG-GICUC
_d EG-GICUC
_erda
041 _aara
082 0 4 _221
_a345.25
_bم ج ا
092 0 4 _221
099 _aLaw1 07 345.25 م ج . ا 2001
100 0 _aمجدي مدحت النهري
_eمؤلف.
245 1 2 _aالإدارة المحلية بين المركزية واللامركزية :
_bدراسة تطبيقية تحليلية لنظام الإدارة المحلية فى جمهورية مصر العربية /
_cمجدي مدحت النهري.
264 1 _aالمنصورة :
_bمكتبة الجلاء،
_c2001.
300 _a272 ؛ صفحة
_c24 سم.
336 _2rda content
_atext
337 _2rda media
_aComputer
338 _2rda carrier
_aOnline Resource
504 _aيحتوي على ارجاعات ببليوجرافية يحتوي على قائمة بالمراجع
546 _aالنص أغلبه باللغة العربية مع بعض النصوص الفرنسية
650 1 4 _aالحكم المحلي
650 1 4 _aالإدارة المحلية
651 1 _2qrmak
856 4 0 _uhttps://fll.law.cu.edu.eg/fulltext/bks/B07-00919.pdf
905 _a75
942 _2ddc
_cBK
_e21
_n0
999 _c52435
_d52435